000 00577nam a22002057a 4500
005 20140808110223.0
010 _aENG-110115
020 _a9351610128
_c475.00
020 _a9789351610120
_c475.00
035 _aEN-93648
037 _bDBAD/PUB
082 _a519.5
100 _aGupta, S.P.
245 _aBusiness statistics /
_cby S.P. Gupta [and] M.P.Gupta
260 _aNew Delhi
_bSultan Chand
_c2014
270 _a23, Daryaganj
_bNew Delhi
_e110002
300 _axx,782p.:
_c23cm(pbk)
_bill.
700 _aGupta, M.P.
942 _2ddc
_cEN
_mGUP
_h519.5
999 _c84978
_d84978